SpongeBob Character by Lego Quiz Stats

 Plays Quiz Updated Jan 20, 2015

Challenge
Share
Tweet
Score 0/10 Timer 01:30
0 Plays Today
% Correct
SpongeBob SquarePants
95.6%
Squidward Tentacles
93%
Gary the Snail
92.5%
Patrick Star
92.1%
Sandy Cheeks
89.1%
Sheldon Plankton
88.8%
Mrs. Puff
80.2%
Mr. Krabs
75%
The Flying Dutchman
53.4%
Doctor Gill Gilliam
18.2%

You're not logged in!

Compare scores with friends on all Sporcle quizzes.
OR
Log In

You Might Also Like...

Show Comments

Extras

Top Quizzes Today


Score Distribution

Your Account Isn't Verified!

In order to create a playlist on Sporcle, you need to verify the email address you used during registration. Go to your Sporcle Settings to finish the process.

Report this User

Report this user for behavior that violates our Community Guidelines.

Details: